000 00679cam a2200217 a 4500
003 MX-MxUPN
005 20230707121923.0
008 190401s2000 mx gr 000 0 nai d
035 _aUPN01000229917
040 _aMX-MxUPN
_bspa
041 _anai
050 4 _aML3570
_bC66 1990
245 0 0 _aCoo 'e 'o jaléng' dsea Guiajmí en Chinanteco de Comaltepec, Oax. :
_bHimno nacional mexicano, símbolo de unidad nacional
260 _a[México] :
_bInstituto Lingüístico de Verano,
_c[199?]
300 _a[2] páginas
630 0 4 _949560
_aHimno nacional mexicano
902 _bVíctorGodínez/070723
905 _aFolleto
942 _2lcc
_cFOLL
999 _c202012
_d202012